Largest cities in the Visegrad countries on a map - Statistics

General Stats
  • This quiz has been taken 25 times
  • The average score is 15 of 20
Answers on the Map
Answers color-coded by a green-red scale on the quiz's map according to % correct below.
 
Answer Stats
Population City % Correct
1,861,599 Warsaw
100%
478,040 Bratislava
95%
1,685,209 Budapest
95%
1,397,880 Prague
95%
487,371 Gdańsk
91%
806,201 Kraków
91%
402,739 Brno
86%
673,743 Wrocław
86%
279,190 Katowice
82%
652,015 Łódź
82%
283,187 Ostrava
82%
202,130 Debrecen
73%
225,044 Košice
73%
538,439 Poznań
73%
329,565 Lublin
68%
389,066 Szczecin
59%
291,688 Białystok
55%
241,189 Gdynia
55%
326,434 Bydgoszcz
45%
205,969 Częstochowa
41%
No matching quizzes found
Score Distribution
Percent of People with Each Score
Percentile by Number Answered
Your Score History
You have not taken this quiz